Claves para la lingüística

Furkejuvvon:
Bibliográfalaš dieđut
Váldodahkki: Mounin, Georges (autor)
Materiálatiipa: Girji
Giella:espánnjágiella
Almmustuhtton: Barcelona Anagrama 1968
Fáttát:
Fáddágilkorat: Lasit fáddágilkoriid
Eai fáddágilkorat, Lasit vuosttaš fáddágilkora!

MARC

LEADER 00000nam a2200000 a 4500
001 UCI0309
003 CL-VaPUC
008 070504e19680000SP |||||||||||||||||spa|d
082 0 4 |a 410  |b MOU  |2 21 
100 |a Mounin, Georges  |e autor  |9 322268 
245 1 0 |a Claves para la lingüística 
300 |a 139 p 
942 |c BK 
945 |d 20070504 00:00:00  |a jtorresc 
260 |a Barcelona  |b Anagrama  |c 1968 
650 0 |a Lingüística  |9 265068 
583 |a last modification  |c 20130304 05:01:34  |k Rodrigo Vera 
999 |c 325546  |d 325544 
952 |0 0  |1 0  |4 0  |6 410_000000000000000_MOU_1968  |7 0  |8 A  |9 406532  |a FDOPOS  |b FDOPOS  |d 2019-11-22  |i 4275241  |o 410 MOU 1968  |p 4275241  |r 2025-01-22  |w 2019-11-22  |y BK  |k MLA